Players to have scored four or more goals at the FIFA World Cup - Statistics

General Stats
  • This quiz has been taken 59 times
    35 since last reset
  • The average score is 72 of 162
Answer Stats
Country Total Goals Tournaments Played At Player % Correct
Germany 14 1970, 1974 Gerd Muller
100%
Germany 10 2010, 2014, 2018, 2022 Thomas Muller
100%
Portugal 8 2006, 2010, 2014, 2018, 2022 Cristiano Ronaldo
96%
France 12 2018, 2022 Kylian Mbappe
96%
Argentina 13 2006, 2010, 2014, 2018, 2022 Lionel Messi
96%
Germany 16 2002, 2006, 2010, 2014 Miroslav Klose
96%
Brazil 12 1958, 1962, 1966, 1970 Pele
96%
Brazil 15 1994, 1998. 2002, 2006 Ronaldo
96%
Hungary 4 1954 Ferenc Puskas
92%
England 8 2018, 2022 Harry Kane
92%
Uruguay 7 2010, 2014, 2018, 2022 Luis Suarez
92%
Argentina 10 1994, 1998, 2002 Gabriel Batistuta
88%
France 6 1998, 2002, 2006, 2010 Thierry Henry
88%
England 4 1962, 1966, 1970 Bobby Charlton
85%
Spain 9 2006, 2010, 2014 David Villa
85%
Argentina 8 1982, 1986, 1990, 1994 Diego Maradona
85%
West Germany & Germany 11 1990, 1994, 1998 Jurgen Klinsmann
85%
Croatia 5 2014, 2018 Mario Mandzukic
85%
Brazil 8 2014, 2018, 2022 Neymar
85%
Uruguay 6 2002, 2010, 2014 Diego Forlan
81%
Uruguay 5 2010, 2014, 2018, 2022 Edinson Cavani
81%
Portugal 9 1966 Eusebio
81%
England 10 1986, 1990 Gary Lineker
81%
Bulgaria 6 1994, 1998 Hristo Stoichkov
81%
France 13 1958 Just Fontaine
81%
West Germany 9 1978, 1982, 1986 Karl-Heinz Rummenigge
81%
France 5 1978, 1982, 1986 Michel Platini
81%
Brazil 8 1998, 2002 Rivaldo
81%
Yugoslavia & Croatia 6 1990, 1998, 2002 Davor Suker
77%
Brazil 5 1958, 1962, 1966 Garrincha
77%
Colombia 6 2014, 2018 James Rodriguez
77%
Italy 9 1990, 1994, 1998 Roberto Baggio
77%
Brazil 5 1990, 1994 Romario
77%
Belgium 5 2014, 2018, 2022 Romelu Lukaku
77%
France 5 1998, 2002, 2006 Zinedine Zidane
77%
Brazil 6 1990, 1994, 1998 Bebeto
73%
Ecuador 6 2014, 2022 Enner Valencia
73%
Brazil 9 1966, 1970, 1974 Jairzinho
73%
Italy 9 1978, 1982, 1986 Paolo Rossi
73%
Spain 5 1998, 2002, 2006 Raul
73%
Netherlands 6 2006, 2010, 2014 Robin Van Persie
73%
France 4 2014, 2018, 2022 Antoine Griezmann
69%
Netherlands 6 1994, 1998 Dennis Bergkamp
69%
England 5 1966, 1970 Geoff Hurst
69%
Brazil 5 1978, 1982, 1986 Zico
69%
Italy 9 1998, 2002 Christian Vieri
65%
West Germany 5 1966, 1970, 1974 Franz Beckenbauer
65%
Argentina 6 1974, 1978, 1982 Mario Kempes
65%
Hungary 11 1954 Sandor Kocsis
65%
Netherlands 6 2006, 2010, 2014 Wesley Sneijder
65%
Netherlands 6 2006, 2010, 2014 Arjen Robben
62%
Argentina 5 2010, 2014, 2018 Gonzalo Higuain
62%
Croatia 6 2014, 2018, 2022 Ivan Perisic
62%
West Germany & Germany 6 1982, 1986, 1990, 1994, 1998 Lothar Matthaus
62%
Cameroon 5 1982, 1990, 1994 Roger Milla
62%
Italy 6 1990 Salvatore Schillaci
62%
Australia 5 2006, 2010, 2014, 2018 Tim Cahill
62%
Brazil 9 1958, 1962 Vava
62%
Ghana 6 2006, 2010, 2014 Asamoah Gyan
58%
Poland 10 1974, 1978, 1982 Grzegorz Lato
58%
Netherlands 5 1974, 1978 Johan Neeskens
58%
USA 5 2002, 2006, 2010 Landon Donovan
58%
France 5 2014, 2018, 2022 Olivier Giroud
58%
West Germany & Germany 8 1986, 1990, 1994 Rudi Voller
58%
Poland 6 1978, 1982, 1986 Zbigniew Boniek
58%
USA 4 2006, 2010, 2014 Clint Dempsey
54%
Spain 4 2006, 2010, 2014 Fernando Torres
54%
Sweden 5 1994, 2002, 2006 Henrik Larsson
54%
Germany 5 2006, 2010, 2014 Lukas Podolski
54%
England 4 1998, 2002 Michael Owen
54%
Switzerland 5 2010, 2014, 2018, 2022 Xherdan Shaqiri
54%
Spain 5 1998, 2002 Fernando Morientes
50%
Hungary 4 1962, 1966 Florian Albert
50%
Germany 10 1954, 1958 Helmut Rahn
50%
Argentina 4 2002, 2006 Hernan Crespo
50%
Argentina 4 2022 Julian Alvarez
50%
Brazil 4 1982, 1986 Socrates
50%
Peru 10 1970, 1978, 1982 Teofilo Cubillas
50%
Mexico 4 2010, 2014, 2018 Javier Hernandez
46%
Mexico 4 1998 Luis Hernandez
46%
Portugal 4 2002, 2006 Pauleta
46%
Spain 5 1986, 1990 Emilio Butragueno
42%
Russia 6 1994 Oleg Salenko
42%
West Germany 4 1974, 1982 Paul Breitner
42%
Brazil 6 1970, 1974, 1978 Rivellino
42%
West Germany 9 1958, 1962, 1966, 1970 Uwe Seeler
42%
Brazil 9 1950 Ademir
38%
Brazil 7 1986, 1990 Careca
38%
Brazil 8 1934, 1938 Leonidas
38%
Germany 4 1986, 1990, 1994 Andreas Brehme
35%
Argentina 4 1990, 1994 Claudio Caniggia
35%
Argentina 4 1986 Jorge Valdano
35%
Japan 4 2010, 2014, 2018 Keisuke Honda
35%
Chile 4 1962 Leonel Sanchez
35%
Russia 4 2018 Denis Cheryshev
31%
Spain 5 1990, 1994, 1998, 2002 Fernando Hierro
31%
Argentina 8 1930 Guillermo Stabile
31%
Netherlands 7 1974, 1978 Johnny Rep
31%
Denmark 5 2002, 2010 Jon Dahl Tomasson
31%
Argentina 4 1978 Leopoldo Luque
31%
Chile 4 1998 Marcelo Salas
31%
Germany 4 1998, 2002 Oliver Bierhoff
31%
West Germany 4 1954 Ottmar Walter
31%
Soviet Union 4 1986 Igor Belanov
27%
Uruguay 5 1950, 1954 Juan Alberto Schiaffino
27%
Poland 7 1974, 1978, 1982 Andrzej Szarmach
23%
Poland 4 1974, 1978 Kazimierz Deyna
23%
Sweden 4 1994 Martin Dahlin
23%
Slovakia 4 2010 Robert Vittek
23%
Netherlands 6 1974, 1978 Rob Rensenbrink
23%
Sweden 4 1990, 1994 Tomas Brolin
23%
Uruguay 4 1950 Alcides Ghiggia
19%
Argentina 4 1978, 1982 Daniel Bertoni
19%
Sweden 5 1994 Kennet Andersson
19%
Belgium 5 1990, 1994, 1998, 2002 Marc Wilmots
19%
Argentina 4 1974, 1978 Rene Houseman
19%
Italy 5 1982, 1986 Alessandro Altobelli
15%
France 4 1978, 1982, 1986 Dominique Rocheteau
15%
Poland 4 1938 Ernst Willimowski
15%
West Germany 6 1962, 1966, 1970 Helmut Haller
15%
Belgium 4 1982, 1986, 1990 Jan Ceulemans
15%
Spain 4 1990 Michel
15%
Czechoslovakia 7 1934, 1938 Oldrich Nejedly
15%
Italy 5 1938 Silvio Piola
15%
Nigeria 4 2014, 2018 Ahmed Musa
12%
Italy 4 1934 Angelo Schiavio
12%
Austria 6 1954 Eric Probst
12%
West Germany 7 1954, 1958, 1962 Hans Schafer
12%
West Germany 6 1954 Max Morlock
12%
Denmark 4 1986 Preben Elkjaer Larsen
12%
Czechoslovakia 5 1990 Tomas Skuhravy
12%
Germany 4 1934 Edmund Conen
8%
Hungary 6 1934, 1938 Gyorgy Sarosi
8%
Austria 5 1978, 1982 Hans Krankl
8%
Scotland 4 1974, 1978, 1982 Joe Jordan
8%
Switzerland 6 1954 Josef Hugi
8%
Italy 4 1938 Luigi Colaussi
8%
Hungary 4 1954 Nandor Hidegkuti
8%
Uruguay 8 1950, 1954 Oscar Miguez
8%
Uruguay 5 1930 Pedro Cea
8%
Switzerland 4 1934, 1938 Andre Abegglen
4%
Sweden 4 1958 Ange Simonsson
4%
USA 4 1930 Bert Patenaude
4%
Brazil 4 1950 Chico
4%
Yugoslavia 4 1962 Drazan Jerkovic
4%
Hungary 4 1966 Ferenc Bene
4%
Romania 4 1994 Florin Raducioiu
4%
Hungary 5 1938 Gyula Zsengeller
4%
Hungary 7 1958, 1962, 1966 Lajos Tichy
4%
Northern Ireland 5 1958 Peter McParland
4%
Switzerland 4 1954 Robert Ballaman
4%
France 4 1958 Roger Piantoni
4%
Spain 4 1950 Telmo Zarra
4%
Soviet Union 5 1958, 1962 Valentin Ivanov
4%
Czechoslovakia 4 1958 Zdenek Zikan
4%
Soviet Union 4 1970 Anatoliy Byshovets
0%
Uruguay 4 1954 Carlos Borges
0%
Spain 4 1950 Estanislau Basora
0%
Soviet Union 4 1962, 1966 Igor Chislenko
0%
Sweden 4 1958 Kurt Hamrin
0%
Sweden 4 1974, 1978 Ralf Edstrom
0%
Soviet Union 4 1966 Valeriy Porkuyan
0%
No matching quizzes found
Score Distribution
Percent of People with Each Score
Percentile by Number Answered
Your Score History
You have not taken this quiz since the last reset